Ο Βρεττάκος διαβάζει Βρεττάκο
Αποθηκεύτηκε σε:
| Κύριος συγγραφέας: | |
|---|---|
| Μορφή: | Ηχητικό |
| Γλώσσα: | Greek |
| Δημοσίευση: |
[Χ.τ.] :
Lyra : Εταιρία Γενικών Εκδόσεων,
p2008.
|
| Σειρά: | Έλληνες ποιητές διαβάζουν έργα τους ;
7 |
| Θέματα: | |
| Ετικέτες: |
Προσθήκη ετικέτας
Δεν υπάρχουν, Καταχωρήστε ετικέτα πρώτοι!
|
MARC
| LEADER | 00000cjm a2200000 i 4500 | ||
|---|---|---|---|
| 001 | 1/5497 | ||
| 008 | 100310s2008 gr ||||||| | | gre|| | ||
| 028 | 0 | 2 | |a 2711602024 |b Lyra |
| 035 | |l 10107182 | ||
| 040 | |a GR-MyUa |b gre |e AACR2 | ||
| 041 | 0 | |a gre | |
| 082 | 7 | |a 889.1 |2 (22) | |
| 100 | 1 | |a Βρεττάκος, Νικηφόρος Κ., |d 1912-1991. | |
| 245 | 1 | 2 | |a Ο Βρεττάκος διαβάζει Βρεττάκο |h [ηχογράφηση]. |
| 260 | |a [Χ.τ.] : |b Lyra : |b Εταιρία Γενικών Εκδόσεων, |c p2008. | ||
| 300 | |a 1 δίσκος CD (54 λεπτ.) : |b ψηφιακός, στέρεο ; |c 4 3/4 ίν. | ||
| 490 | 1 | |a (Έλληνές ποιητές διαβάζουν έργα τους ; |v 7) | |
| 505 | 8 | |a 01. Έτσι μου στάθηκε ο Ταύγετος -- 02. Πλουμιστά -- 03. Το γεράκι -- 04. Τα 14 παιδιά -- 05. Βασιλική δρυς -- 06. Ανεπίδοτο γράμμα -- 07. Της Σπάρτης οι πορτοκαλιές -- 08. Αν δε μου 'δινες την ποίηση, Κύριε -- 09. Το περιβόλι -- 10. Προετοιμασία μάχης -- 11. Οι πέντε δρόμοι κι ο άνθρωπος -- 12. Δυο μητέρες νομίζουν πως είναι μόνες -- 13. Ο στρατιώτης -- 14. Ο φιλοξενούμενος της ερημιάς -- 15. Σύνοικοι -- 16. Αποχαιρετισμός στην οδό Καραΐσκου αριθ. 106 -- 17. Τρεις φίλοι ήρθανε να με δουν -- 18. Αναχώρηση -- 19. Το τραγούδι του Γιώργη -- 20. Η λιομαζώχτρα -- 21. Λειτουργία κάτω από την Ακρόπολη -- 22. Τελευταίες εγγραφές -- 23. Γένεση -- 24. Πύρινος όλεθρος -- 25. Αυτοέλεγχος -- 26. Η ειρήνη της δημιουργίας -- 27. Μικρή ωδή -- 28. 10 εντολές -- 29. Από το περίσσευμα -- 30. Επιτάφιο στον αέρα (Β' παγκόσμιος πόλεμος). | |
| 650 | 0 | |a Greek poetry, Modern |y 20th century. | |
| 830 | 0 | |a Έλληνες ποιητές διαβάζουν έργα τους ; |v 7 | |
| 852 | |a INST |b SYROS |c AV |e 20100310 |h 889.1 ΒΡΕ |p 005500007791 |q 005500007791 |t CD |y 23 | ||
| 901 | |a BIBL1-2006-1 | ||
| 970 | |a Κοντού |b Παρασκευή |z 10/03/2010 | ||